000 00321nam a22001337a 4500
008 181204b xxu||||| |||| 00| 0 eng d
020 _a9780077211646
041 _aeng
080 _22nd
_a621
100 _a26
101 _aMEK
245 _aFundamentals of Digital Logic with Verilog Design
_cBrown,S
942 _2udc
_cBK
999 _c52752
_d52752